LEADER 00503naa a2200133 i 4500 001 000000329236 003 CaOOAMICUS 005 20180831173616.0 008 180831n it u000 u ita u 013 $a40887 040 $aSeMil$bita 245 10$aChe cos'č la Teologia dogmatica ? 773 0 $aAssociazione teologica italiana$tFedeltā e risveglio nel Dogma.$dMilano [etc.] : Āncora, c. 1967.$kCristianesimo aperto$gp.279-286$w()46113 996 $6245$aChe cos'č la Teologia dogmatica ?$9(OLS)http://semarc/title/417745 LEADER 00585nam a2200169 i 4500 001 000000074811 003 CaOOAMICUS 005 20120207000000.0 008 120207s1909 it u000 u ita u 013 $a45983 040 $aSeMil$bita 245 10$aVol. 1. 300 $aXII, 223 p., [1] c. geogr. 773 0 $aKing, Bolton$tStoria dell'Unitā Italiana, ossia Storia politica dell'Italia.$dMilano : Fratelli Treves, 1909.$w()26211 850 $aSeMil 852 $aSeMil$W1$xVenegono$y1$m3S II 81$j40963$B40963$CSeMilBibl$Z2$F40967 $81 996 $6245$aVol. 1$9(OLS)http://semarc/title/13429